Sunnat-e-Nabvi Aur jadeed Science / سنت نبوی اور جدید سائنس (Urdu) / (Record no. 180942)
[ view plain ]
| 000 -LEADER | |
|---|---|
| fixed length control field | 00508 a2200169 4500 |
| 003 - CONTROL NUMBER IDENTIFIER | |
| control field | Nust |
| 005 - DATE AND TIME OF LATEST TRANSACTION | |
| control field | 20230221143749.0 |
| 020 ## - INTERNATIONAL STANDARD BOOK NUMBER | |
| International Standard Book Number | 96985044 |
| 040 ## - CATALOGING SOURCE | |
| Transcribing agency | Nust |
| 082 ## - DEWEY DECIMAL CLASSIFICATION NUMBER | |
| Classification number | 297.124 |
| 100 ## - MAIN ENTRY--PERSONAL NAME | |
| Personal name | Mahmud Chughtai,Mohammad Tariq |
| 9 (RLIN) | 109371 |
| 245 ## - TITLE STATEMENT | |
| Title | Sunnat-e-Nabvi Aur jadeed Science / سنت نبوی اور جدید سائنس (Urdu) / |
| Statement of responsibility, etc. | Hakim Mohammad Tariq Mahmud Chughtai |
| 260 ## - PUBLICATION, DISTRIBUTION, ETC. | |
| Place of publication, distribution, etc. | Lahore |
| Name of publisher, distributor, etc. | Darul Kutab |
| Date of publication, distribution, etc. | 2004 |
| 300 ## - PHYSICAL DESCRIPTION | |
| Extent | 487:p |
| 650 ## - SUBJECT ADDED ENTRY--TOPICAL TERM | |
| Topical term or geographic name entry element | Islam, Hadith |
| 9 (RLIN) | 66384 |
| 942 ## - ADDED ENTRY ELEMENTS (KOHA) | |
| Source of classification or shelving scheme | |
| Koha item type | Book |
| Call number prefix | 297.124,CHU |
| Withdrawn status | Lost status | Source of classification or shelving scheme | Damaged status | Not for loan | Permanent Location | Current Location | Shelving location | Date acquired | Full call number | Barcode | Date last seen | Price effective from | Koha item type | Public note | Collection code | Total Checkouts |
|---|---|---|---|---|---|---|---|---|---|---|---|---|---|---|---|---|
| Military College of Signals (MCS) | Military College of Signals (MCS) | General Stacks | 12/12/2016 | 297.124,CHU | MCS31403 | 12/08/2016 | 12/12/2016 | Book | Almirah No.63, Shelf No.5 | |||||||
| Military College of Signals (MCS) | Military College of Signals (MCS) | 12/12/2016 | 297.124 CHU | MCS31405 | 12/08/2016 | 12/12/2016 | Book | |||||||||
| Military College of Signals (MCS) | Military College of Signals (MCS) | General Stacks | 12/12/2016 | 297.124,CHU | MCS31406 | 12/08/2016 | 12/12/2016 | Book | Almirah No.63, Shelf No.5 |
